000 00668nam a2200241Ia 4500
003 OSt
005 20220918195143.0
006 a|||||r|||| 00| 0
007 ta
008 220917b |||||||| |||| 00| 0 eng d
024 _a83,742
037 _cTextual
040 _aARTS
_cARTS
_beng
041 _2eng
_aeng
082 _aS63, J3
100 _aGoldhamer Herbert
_989274
245 0 _aPsychoisis and civilization
_b two studies in the frequency of mental disease
260 _c1953
650 _aPSYCHOLOGY
700 _a Marshall Andrew W
_989275
942 _hS63, J3
_cTEXL
_2CC
999 _c207456
_d207456